Villes traversées par l'autoroute A62 - autoroute des deux mers - Statistiques

Statistiques générales
  • Ce quiz a été pris 36 fois
  • Le résultat moyen est 7 sur 10
Statistiques - réponses
ville population kilomètre % Correct
Toulouse 520 896 234
100%
Bordeaux 268 138 0
97%
Montauban 62 852 188
94%
Agen 31 172 124
90%
Bègles 32 795 0
58%
Blagnac 27 921 228
58%
Castelsarrasin 14 306 170
52%
Marmande 17 239 72
52%
Moissac 14 376 169
45%
Villenave-d'Ornon 45 820 2
45%
Aucun quiz correspondant
Distribution des résultats
% des personnes avec chaque résultat
Percentile par nombre de réponses
Votre historique - résultats
Vous n’avez pas pris ce quiz